MARC

LEADER 00000nam0a2200000 4500
001 54247
005 20231101211457.0
010 |a 579750216X 
035 |a (RuTPU)RU\TPU\book\56862 
090 |a 54247 
100 |a 20030703d1999 m y0rusy50 ca 
101 0 |a rus  |a eng 
102 |a RU 
105 |a y j 000zy 
200 1 |a Банковская переписка.  |a Депозитарий  |e учебное пособие  |f М. Б. Багиян 
210 |a Москва  |c Юристъ  |d 1999 
215 |a 284 с. 
510 1 |a Banking Correspondence. Safe Custody Department  |z eng 
606 1 |a Английский язык  |x Учебные руководства и пособия для высшей школы  |x Пособия по стилистике, переводу  |2 stltpush  |3 (RuTPU)RU\TPU\subj\67887  |9 83516 
610 1 |a английский язык 
610 1 |a учебные пособия 
610 1 |a письменная речь 
610 1 |a деловое общение 
610 1 |a банковские документы 
610 1 |a депозитарии 
610 1 |a образцы 
610 1 |a примеры 
610 1 |a ценные бумаги 
686 |a Ш143.21-923.4  |v LBC/SL-A  |2 rubbk 
700 1 |a Багиян  |b М. Б.  |g Мария Борисовна 
801 1 |a RU  |b 63413507  |c 20030703  |g PSBO 
801 2 |a RU  |b 63413507  |c 20030915  |g PSBO 
801 2 |a RU  |b 63413507  |c 20140124  |g PSBO 
942 |c BK